000 00660nam a2200289Ia 4500
005 20260324121659.0
008 008 260324s9999 xx 000 0 eng d
020 _a9780429493041
037 _aEBOOK
040 _aCRL
040 _beng
040 _cCRL
041 _2eng
041 _aeng
084 _qCRL
100 _aD.R. SarDesai
_91163449
245 0 _aSoutheast Asian History
245 0 _bEssential Readings
260 _bTaylor and Francis
260 _c2013
365 _a
365 _b230
856 _uhttp://www.taylorfrancis.com/books/9780429493041
942 _cEBOOK
999 _c1755714
_d1755714